[Event "ADRIA"]
[Site "http://www.queenalice.com/game.php?id=560281"]
[Date "2009.3.23"]
[Round "-"]
[White "perucona"]
[Black "ronaldo_adria"]
[Result "0-1"]
[WhiteElo "1537"]
[BlackElo "1100"]

1. e4 e5 2. d4 Nc6 3. d5 Nce7 4. Nf3 d6 5. Nc3 Nf6 6. Bb5+ Bd7 7. Bxd7+ Qxd7 8.
O-O c6 9. dxc6 bxc6 10. Bg5 Nh5 11. Nd2 g6 12. Bxe7 Bxe7 13. Nf3 Qg4 14. h3 Qf4
15. g3 Qf6 16. Qd3 O-O 17. g4 Nf4 18. Qc4 Nxh3+ 19. Kg2 Nf4+ 20. Kg3 g5 21. Qxc6
h6 22. Rfd1 Rac8 23. Qb7 Ra8 24. Nb5 Ne2+ 25. Kg2 h5 26. gxh5 g4 27. Nh2 Qh4 28.
Kf1 Nf4 29. f3 Qxh2 30. Qxe7 Qg2+ 31. Ke1 Qe2# 0-1

[Event "AUTO-OPEN-1486"]
[Site "http://www.queenalice.com/game.php?id=560366"]
[Date "2009.3.23"]
[Round "1"]
[White "ronaldo_adria"]
[Black "r_maltz"]
[Result "0-1"]
[WhiteElo "1100"]
[BlackElo "1950"]

1. e4 e5 2. c4 Bc5 3. Nf3 d6 4. d3 Nc6 5. a3 Nf6 6. b4 Bb6 7. Nc3 Bg4 8. h3 Bxf3
9. gxf3 Nh5 10. Rg1 Qh4 11. Ne2 Bxf2+ 12. Kd2 Bxg1 13. Nxg1 Qf2+ 14. Ne2 Nf4 15.
Ra2 Nd4 16. Rb2 Qxf3 17. Qa4+ c6 18. c5 Ndxe2 19. Qd1 Nd4 20. Qxf3 Nxf3+ 21. Ke3
Ng5 22. h4 Nge6 23. Rc2 O-O-O 24. Bb2 f6 25. a4 d5 26. b5 Ng6 27. h5 Ngf4 28.
Kd2 Nxh5 29. Kc1 Rhf8 30. Bh3 Nf4 31. Bf5 g6 32. Bg4 f5 33. exf5 gxf5 34. Bd1 e4
35. d4 Nd3+ 36. Kb1 Nxb2 37. Rxb2 Nxd4 38. Rd2 Ne6 39. Re2 Nxc5 40. a5 f4 41.
Rh2 f3 42. Rf2 Nd3 43. Rf1 f2 44. Bg4+ Kb8 45. Kc2 cxb5 46. Kb3 e3 47. Kc3 Ne5
48. Be2 d4+ 49. Kc2 d3+ 50. Bxd3 Rxd3 0-1

[Event "AUTO-OPEN-1486"]
[Site "http://www.queenalice.com/game.php?id=560387"]
[Date "2009.3.23"]
[Round "1"]
[White "Jane"]
[Black "ronaldo_adria"]
[Result "0-1"]
[WhiteElo "1536"]
[BlackElo "1100"]

1. e4 e5 2. Nf3 d5 3. exd5 Qxd5 4. Nc3 Qc5 5. Bb5+ c6 6. Ba4 b5 7. Bb3 Nf6 8.
Qe2 Ng4 9. h3 Nxf2 10. Qxf2 Qxf2+ 11. Kxf2 Bd6 12. d3 b4 13. Ng5 Bc5+ 14. Ke2 f6
15. Nge4 Bd4 16. Nd6+ Kd7 17. Nxc8 Kxc8 18. Be6+ Kd8 19. Ne4 Na6 20. Nd6 Ke7 21.
Nf5+ Kxe6 0-1

[Event "AUTO-OPEN-1486"]
[Site "http://www.queenalice.com/game.php?id=560388"]
[Date "2009.3.23"]
[Round "1"]
[White "ronaldo_adria"]
[Black "Jane"]
[Result "1-0"]
[WhiteElo "1100"]
[BlackElo "1536"]

1. e4 e5 2. d4 exd4 3. Qxd4 Nc6 4. Qc4 Qf6 5. f4 Bb4+ 6. c3 Ba5 7. b4 Bb6 8. Nf3
d6 9. Bd3 Bg4 10. Nbd2 Qxf4 11. Nf1 Qf6 12. Bg5 Qg6 13. e5 Qe6 14. Qf4 Bxf3 15.
gxf3 dxe5 16. Qe4 f6 17. Bc4 Qd6 18. Bh4 g5 19. Bg3 1-0

[Event "AUTO-OPEN-1486"]
[Site "http://www.queenalice.com/game.php?id=560399"]
[Date "2009.3.23"]
[Round "1"]
[White "alvarogoulart"]
[Black "ronaldo_adria"]
[Result "1-0"]
[WhiteElo "1849"]
[BlackElo "1100"]

1. e4 e5 2. Nf3 Nc6 3. Bb5 g5 4. d3 h6 5. Nc3 a6 6. Bxc6 bxc6 7. Nxe5 f6 8. Qh5+
Ke7 9. Ng6+ Kf7 10. Nxh8+ Kg7 11. f4 Kxh8 12. fxg5 fxg5 13. O-O Bd6 14. Rf7 Qf6
15. Rxf6 Nxf6 16. Qg6 Ng8 17. Be3 c5 18. Rf1 Ne7 19. Rf8+ Ng8 20. Rxg8# 1-0

[Event "AUTO-OPEN-1486"]
[Site "http://www.queenalice.com/game.php?id=560400"]
[Date "2009.3.23"]
[Round "1"]
[White "ronaldo_adria"]
[Black "alvarogoulart"]
[Result "0-1"]
[WhiteElo "1100"]
[BlackElo "1783"]

1. e4 e5 2. d4 exd4 3. Qxd4 Nc6 4. Qe3 d6 5. Bc4 Ne5 6. Bb3 Nf6 7. Nf3 Bg4 8.
Nd4 c5 9. Nf5 Bxf5 10. exf5 Be7 11. O-O O-O 12. c4 Nfg4 13. Qe4 b6 14. f3 Nf6
15. Qh4 Nd5 16. Qe4 Nf6 17. Nc3 Nxe4 18. fxe4 Nd3 19. Be3 Bg5 20. Bf2 Nxb2 21.
h4 Bh6 22. Rab1 Nd3 23. Bc2 Nxf2 24. Rxf2 Be3 25. g3 Bxf2+ 26. Kxf2 Qf6 27. Nd5
Qe5 28. a3 Rad8 29. Rb3 f6 30. a4 Qa1 31. Rb1 Qa2 32. Ne3 Rfe8 33. Kf3 a6 34.
Rxb6 a5 35. Ke2 Rxe4 36. Kd3 Rd4+ 37. Kc3 d5 38. Rb2 Rxc4+ 39. Nxc4 Qxc4+ 40.
Kd2 Qd4+ 41. Kc1 c4 42. Bd1 c3 43. Rc2 Rb8 44. g4 Qe3+ 45. Rd2 Qxd2# 0-1

[Event "Challenge"]
[Site "http://www.queenalice.com/game.php?id=560595"]
[Date "2009.3.23"]
[Round "-"]
[White "sobre"]
[Black "ronaldo_adria"]
[Result "0-1"]
[WhiteElo "1507"]
[BlackElo "1100"]

1. e4 e5 2. Nf3 d5 3. exd5 Qxd5 4. b3 b5 5. Nc3 Qe6 6. Bb2 Nc6 7. Bxb5 a6 8.
Bxc6+ Qxc6 9. Qe2 f6 10. O-O-O Ne7 11. h3 g5 0-1

[Event "AUTO-BEG-320"]
[Site "http://www.queenalice.com/game.php?id=600297"]
[Date "2009.6.8"]
[Round "1"]
[White "mingcheli"]
[Black "ronaldo_adria"]
[Result "1-0"]
[WhiteElo "1501"]
[BlackElo "1100"]

1. e4 e5 2. Nf3 f6 3. Nh4 b6 4. Qh5+ Ke7 5. Nf5+ Ke6 6. Bc4+ d5 7. Bxd5+ Kd7 8.
Qf7+ Ne7 9. b4 c6 10. Bb3 g6 11. Ne3 Ba6 12. d3 b5 13. c4 Kc8 14. O-O Qxd3 15.
Rd1 Qe2 16. Nc3 Qh5 17. c5 f5 18. Qe8+ Kc7 19. Qd8+ Kb7 20. Bb2 Nc8 21. Ncd5 Bg7
22. Qc7# 1-0

[Event "AUTO-BEG-320"]
[Site "http://www.queenalice.com/game.php?id=600298"]
[Date "2009.6.8"]
[Round "1"]
[White "ronaldo_adria"]
[Black "mingcheli"]
[Result "0-1"]
[WhiteElo "1100"]
[BlackElo "1501"]

1. e4 e5 2. d4 exd4 3. Qxd4 Nc6 4. Qd1 h6 5. Nf3 Nf6 6. Nc3 Bc5 7. Be3 Bxe3 8.
fxe3 Qe7 9. Qd2 Nxe4 10. Qd1 Nxc3 11. bxc3 Qxe3+ 12. Be2 Qxc3+ 13. Nd2 O-O 14.
O-O Qc5+ 15. Rf2 d6 16. Ne4 Qb6 17. Bd3 Ne5 18. Be2 Bf5 19. Ng3 Bg6 20. Rb1 Qc5
21. c3 Bxb1 22. Qxb1 Rab8 23. Nf5 Rfe8 24. Kf1 Re6 25. Qc2 Rbe8 26. Rf4 Ng6 27.
Rc4 Qb6 28. Bg4 Re1# 0-1

[Event "AUTO-BEG-320"]
[Site "http://www.queenalice.com/game.php?id=600309"]
[Date "2009.6.8"]
[Round "1"]
[White "Hugohg"]
[Black "ronaldo_adria"]
[Result "0-1"]
[WhiteElo "1285"]
[BlackElo "1100"]

1. e3 e5 2. Bc4 d6 3. Qf3 f6 4. g4 Nd7 5. g5 h6 6. gxf6 Ndxf6 7. Nc3 Ne7 8. Nd5
c6 9. Nxf6+ gxf6 10. Qxf6 Rh7 11. Bd3 Bg7 12. Qf3 Bf5 13. Qh5+ Kf8 14. Nf3 e4
15. Bxe4 Bxe4 16. Ke2 Bg6 17. Qg4 d5 18. Rg1 Bxc2 19. b3 Bf5 20. Qf4 a5 21. Rb1
b5 22. Ba3 b4 23. Bb2 h5 24. Ng5 Rh6 25. d3 Qd7 26. e4 dxe4 27. Nxe4 Nd5 28. Qg5
Rh7 29. Qh4 Bf6 30. Nxf6 Qe7+ 31. Kd2 Rh6 32. Rg8+ Kf7 33. Rxa8 Nxf6 0-1

[Event "AUTO-BEG-320"]
[Site "http://www.queenalice.com/game.php?id=600310"]
[Date "2009.6.8"]
[Round "1"]
[White "ronaldo_adria"]
[Black "Hugohg"]
[Result "1-0"]
[WhiteElo "1149"]
[BlackElo "1285"]

1. e4 e6 2. d4 Qf6 3. Nc3 Nc6 4. Nf3 Nxd4 5. Nxd4 Bc5 6. Be3 e5 7. Nf3 Bd6 8.
Qd3 Nh6 9. O-O-O Ng4 10. Bg5 Qe6 11. Qe2 Bb4 12. h3 Bxc3 13. bxc3 Qxa2 14. hxg4
d6 15. Nh4 a5 16. Qf3 a4 17. Kd2 Ra5 18. Be2 b6 19. Ra1 Qb2 20. Rhb1 Qxb1 21.
Rxb1 a3 22. Bc4 a2 23. Ra1 Be6 24. Bd3 f6 25. Bxf6 gxf6 26. Qxf6 Bf7 27. Qxh8+
Ke7 28. Nf5+ Kd7 29. Qxh7 Ke8 30. Ng7+ Kf8 31. g5 Bg8 32. Qh6 Rc5 33. Qf6+ 1-0

[Event "AUTO-BEG-320"]
[Site "http://www.queenalice.com/game.php?id=600317"]
[Date "2009.6.8"]
[Round "1"]
[White "ronaldo_adria"]
[Black "fabiobulcao"]
[Result "1-0"]
[WhiteElo "1227"]
[BlackElo "1278"]

1. e4 Nf6 2. e5 Nd5 3. Qf3 e6 4. c4 Nb4 5. d3 d5 6. Ne2 N8c6 7. g3 Nxe5 8. Qf4
Qf6 9. Nd4 Qxf4 10. gxf4 Nexd3+ 11. Kd1 dxc4 12. a3 Nd5 13. Nc3 N5xf4 14. Be3 e5
15. Nf3 Bc5 16. b4 Nxf2+ 17. Bxf2 Bxf2 18. Bxc4 Nh3 19. Nxe5 O-O 20. Ne4 Rd8+
21. Kc2 Re8 22. Bxf7+ Kf8 23. Bxe8 Kxe8 24. Nd3 Bf5 25. Ng3 Rd8 26. Nxf5 Rd5 27.
Nxg7+ Kf7 28. Rhf1 Kxg7 29. Nxf2 Nf4 30. Rg1+ Kf6 31. Ng4+ Kf5 32. Ne3+ Ke4 33.
Rae1 c6 34. Nxd5+ Kxd5 35. Rg5+ Kc4 36. Re4# 1-0

[Event "AUTO-BEG-320"]
[Site "http://www.queenalice.com/game.php?id=600318"]
[Date "2009.6.8"]
[Round "1"]
[White "fabiobulcao"]
[Black "ronaldo_adria"]
[Result "0-1"]
[WhiteElo "1308"]
[BlackElo "1190"]

1. d4 d5 2. Nc3 e6 3. Bf4 Nf6 4. e3 Bd6 5. Bb5+ c6 6. Bd3 O-O 7. Nf3 Na6 8. Bxd6
Qxd6 9. O-O Re8 10. Ne5 b5 11. Bxb5 cxb5 12. Nxb5 Qb4 13. Qd3 Qxb2 14. Nd6 Rd8
15. Ndxf7 Rf8 16. Rab1 Qxa2 17. Qb3 Qa5 18. Ra1 Qc7 19. Rab1 Rb8 20. Qc3 Qxc3
21. Rxb8 Nxb8 22. Nd6 Ba6 23. Rd1 Qxc2 24. g3 Qxd1+ 25. Kg2 Qf1+ 26. Kf3 Nh5+
27. Kg4 Be2+ 28. Kg5 Qxf2 29. Kh4 Qxh2+ 30. Kg5 Qxg3+ 0-1

[Event "Let's Play Chess!"]
[Site "http://www.queenalice.com/game.php?id=649610"]
[Date "2009.9.9"]
[Round "-"]
[White "ronaldo_adria"]
[Black "michas"]
[Result "0-1"]
[WhiteElo "1227"]
[BlackElo "1849"]

1. e3 e5 2. d4 exd4 3. Qxd4 Nc6 4. Qf4 Bd6 5. Qe4+ Qe7 6. Nc3 Qxe4 7. Nxe4 Nb4
8. Bd3 Nxd3+ 9. cxd3 Bb4+ 10. Bd2 Bxd2+ 11. Kxd2 d5 12. Ng3 Nf6 13. e4 dxe4 14.
dxe4 Be6 15. N1e2 Rd8+ 16. Ke1 O-O 17. b3 Rd7 18. f3 Rfd8 19. e5 Nd5 20. Ne4 Ne3
21. Kf2 Nc2 22. Rac1 Nd4 23. Rhd1 Nxe2 24. Kxe2 Rxd1 25. Rxd1 Rxd1 0-1

[Event "AUTO-INT-1947"]
[Site "http://www.queenalice.com/game.php?id=897574"]
[Date "2011.2.8"]
[Round "1"]
[White "silverado"]
[Black "ronaldo_adria"]
[Result "1-0"]
[WhiteElo "1764"]
[BlackElo "1255"]

1. e4 e5 2. Bc4 Nf6 3. Nc3 c6 4. d4 d5 5. exd5 cxd5 6. Bb5+ Nc6 7. dxe5 a6 8.
Ba4 b5 9. exf6 bxa4 10. fxg7 Bxg7 11. Nxd5 Nd4 12. c4 f5 13. Nh3 h6 14. Nhf4 Ne6
15. Qe2 Qd6 16. Ng6 a3 17. Rb1 Kf7 18. Nxh8+ Bxh8 19. bxa3 Nd4 20. Qh5+ Kg7 21.
Rb6 Qf8 22. Qg6# 1-0

[Event "AUTO-INT-1947"]
[Site "http://www.queenalice.com/game.php?id=897575"]
[Date "2011.2.8"]
[Round "1"]
[White "ronaldo_adria"]
[Black "silverado"]
[Result "0-1"]
[WhiteElo "1290"]
[BlackElo "1830"]

1. e4 e5 2. d3 Nc6 3. Nc3 Nd4 4. Nge2 Bc5 5. f4 Nxe2 6. Qxe2 exf4 7. Bxf4 c6 8.
O-O-O Bd4 9. e5 b5 10. Qe4 Bb6 11. b4 a5 12. a3 axb4 13. Qxb4 Ba5 14. Qb3 Qh4
15. g3 Qe7 16. d4 Bxc3 17. Qxc3 Rxa3 18. Qc5 Ra1+ 19. Kd2 Rxd1+ 20. Kxd1 Qe6 21.
h4 Ne7 22. Bh3 Qg6 23. Qa7 Qe4 24. Re1 Qd5 25. h5 O-O 26. h6 g6 27. g4 Qf3+ 28.
Re2 Qxh3 0-1